000 00531nam a2200181Ia 4500
005 20250508163324.0
008 008 250505s9999 xx 000 0 eng d
037 _aTextual
040 _aFEDL
_beng
_cFEDL
041 _aeng
_2eng
084 _a428, MCR
_qFEDL
100 _aMcRae John
245 0 _aReading between the lines : integrated language and literature activities
260 _aCambridge
_bCambridge University Press
_c1984
300 _a119p.
942 _cTEXL
_h428, MCR
999 _c1382319
_d1382319